| 000 | 00707nam a2200253 a 4500 | ||
|---|---|---|---|
| 001 | 60291 | ||
| 005 | 20210115133150.0 | ||
| 008 | 140415s2002 sp r 000 0 spa d | ||
| 020 | _a8495334283 | ||
| 040 | _erda | ||
| 041 | 0 | _aspa | |
| 082 | 0 |
_a297 _bDIA |
|
| 100 | 1 |
_aDíaz, Carlos, _d1944- _eautor |
|
| 245 | 1 | 0 |
_aIslamismo / _cCarlos Díaz. |
| 250 | _aPrimera edición | ||
| 264 | 1 |
_aEspaña : _bFundación Emmanuel Mounier, _c2002 |
|
| 300 |
_a94 páginas ; _c18 cm. |
||
| 336 |
_atexto _2rdacontent |
||
| 337 |
_asin mediación _2rdamedia |
||
| 338 |
_avolumen _2rdacarrier |
||
| 490 | 0 |
_aRoja ; Colección Sinergia ; _v5 |
|
| 650 | 4 | _aIslamismo | |
| 999 |
_c60291 _d60291 |
||
| 942 |
_h297 _iDIA _cLI |
||